| 000 | 02179nam2a2200337 4500 | ||
|---|---|---|---|
| 001 | RU\NLR\19V\937838 | ||
| 005 | 20250626085554.0 | ||
| 035 | _a(NLR Aleph) 011537215 | ||
| 090 |
_a12176461 _c12176461 |
||
| 100 | _a20171122d1910 |||y0rusy50 ca | ||
| 101 | 0 |
_arus _afre |
|
| 102 | _aRU | ||
| 105 | _aa|||z|||000zy | ||
| 200 | 1 |
_aДревности Киргизской степи и Оренбургского края _dAntiquités des Steppes Kirghizes et du Pays d'Orenbourg _fсоставил И. А. Кастанье, вице-президент Оренбургской ученой архивной комиссии, хранитель Музея _zfre |
|
| 210 |
_aОренбург _cТипо-литография Т-ва "Каримов, Хусаинов и Ко" в Оренбурге _d1910 |
||
| 215 |
_a[2], XVIII, 332 с., 21 л. ил. _cил. _d36 |
||
| 300 | _aАвт. также на фр. яз.: J.A. Castagné, vice-president de la Commission scientifique des archives, conservateur du Musée d'Orenbourg | ||
| 300 | _aЧасть текста парал.: рус., фр. | ||
| 461 | 0 |
_1001v19\rc\1251179 _12001#$aТруды Оренбургской ученой архивной комиссии$vВып. 22 _93958533 _aОренбургская ученая архивная комиссия _cОренбург _d1889 _nТипо-лит. Губ. правления _tТруды Оренбургской ученой архивной комиссии _vВып. 22 |
|
| 510 | 1 |
_6z11790 _aAntiquités des Steppes Kirghizes et du Pays d'Orenbourg _zfre |
|
| 701 | 1 |
_7ca _8rus _aКастанье _bИ. А. _cархеолог, востоковед _f1875-1958 _gИосиф Антонович _9181172 _3RU\NLR\AUTH\770181223 |
|
| 790 | 1 |
_7ba _8fre _aCastagné _bJ. A. _cархеолог, востоковед _f1875-1958 _gJoseph Antoine _9181188 _3RU\NLR\AUTH\770181239 |
|
| 801 | 0 |
_aRU _bNLR _c20171122 _gpsbo |
|
| 801 | 1 |
_aRU _bNLR _c20171122 _2rusmarc |
|
| 801 | 2 |
_aRU _bNLR _c20171123 _2rusmarc |
|
| 852 |
_aNLR _j38.78.1.94(22) |
||
| 852 |
_aNLR _bМф _jК-1/12671 |
||
| 852 |
_aNLR _bМф _jК1/36133 (22) |
||
| 942 | _cBOOK | ||
| 980 | _aNB | ||